000
00366nam a2200133Ia 4500
008
151001s9999||||xx |||||||||||||| ||und||
100
_a
संजीव खुद्शाह
245
_a
सफाई कामगार समुदाय
250
_a
1
260
_b
राधाकृष्ण
260
_c
2005
300
_a
146
365
_b
22
999
_c
990651
_d
990648